Programa L y C: leer y comprender

Salvato in:
Dettagli Bibliografici
Autori principali: Peronard Thierry, Marianne (autora), Nuñez Lagos, Paulina (Autore), González Muñoz, Juan Manuel (Autore)
Altri autori: Gómez Macker, Luis Adolfo (autor), Parodi Sweis, Giovanni Emmanuel (autor)
Natura: Libro
Lingua:spagnolo
Pubblicazione: Santiago Andrés Bello 1994
Edizione:1a. ed
Soggetti:
Tags: Aggiungi Tag
Nessun Tag, puoi essere il primo ad aggiungerne!!

MARC

LEADER 00000nam a2200000 a 4500
001 UCU2267
003 CL-VaPUC
008 960423e19940000CL |||||||||||||||||spa|d
020 |a 9561313448v.1 
020 |a 9561313510v.2 
082 0 4 |a 372.41  |b PER  |2 21 
100 |a Peronard Thierry, Marianne  |e autora  |9 781268 
700 |a Gómez Macker, Luis Adolfo  |e autor  |9 492261 
700 |a Parodi Sweis, Giovanni Emmanuel  |e autor  |9 783477 
700 0 |a Nuñez Lagos, Paulina  |e author  |9 358337 
700 |a González Muñoz, Juan Manuel  |e author  |9 749563 
245 1 0 |a Programa L y C: leer y comprender 
250 |a 1a. ed 
300 |a 2 v 
942 |c BK 
945 |d 19960423 00:00:00  |a rbrito 
260 |a Santiago  |b Andrés Bello  |c 1994 
500 |a Contiene en forma separada Guía para el profesor 
650 0 |a Lectura  |9 307634 
650 0 |a Educación lingüística  |9 306506 
650 0 |a Hábitos de lectura  |9 345590 
650 7 |a PROGRAMAS DE LECTURA  |2 CL-VaPUC  |9 358339 
650 0 |a Promoción de la lectura   |9 334232 
583 |a last modification  |c 20170829 01:26:02  |k Rodrigo Vera 
999 |c 246630  |d 246628 
952 |0 0  |1 0  |4 0  |6 372_410000000000000_PER_1994  |7 0  |8 P  |9 261782  |a BIBEDU  |b BIBEDU  |c BIBEDU_PB  |d 2019-11-19  |h v.1  |i 3442586  |l 2  |o 372.41 PER 1994  |p 3442586  |r 2024-01-25  |s 2023-09-29  |w 2019-11-19  |y BK  |k LIT 
952 |0 0  |1 2  |4 0  |6 372_410000000000000_PER_1994  |7 0  |8 A  |9 261784  |a BIBTEO  |b BIBTEO  |d 2019-11-19  |h v.2  |i 3768996  |o 372.41 PER 1994  |p 3768996  |r 2019-11-19  |w 2019-11-19  |x Descarte 2019  |y BK  |k ICR